书目信息 |
| 题名: |
建筑装饰施工技术
|
|
| 作者: | 李竹梅 , 赵占军 主编 | |
| 分册: | ||
| 出版信息: | 北京 科学出版社 2006.09 |
|
| 页数: | 286页 | |
| 开本: | 26cm | |
| 丛书名: | 全国高职高专建筑装饰技术类系列规划教材 | |
| 单 册: | ||
| 中图分类: | TU767 | |
| 科图分类: | ||
| 主题词: | 建筑装饰--jian zhu zhuang shi--工程施工--施工技术--教材 | |
| 电子资源: | ||
| ISBN: | 7-03-017872-6 | |
| 000 | 01042nam 2200265 450 | |
| 001 | 012007273688 | |
| 005 | 20070509094354.92 | |
| 010 | @a7-03-017872-6@dCNY25.00 | |
| 100 | @a20070326d2006 km y0chiy0120 ea | |
| 101 | 0 | @achi |
| 102 | @aCN@b110000 | |
| 105 | @aa a 000yy | |
| 200 | 1 | @a建筑装饰施工技术@Ajian zhu zhuang shi shi gong ji shu@f李竹梅, 赵占军主编@Fli zhu mei,zhao zhan jun zhu bian |
| 210 | @a北京@c科学出版社@d2006.09 | |
| 215 | @a286页@c图@d26cm | |
| 225 | 2 | @a全国高职高专建筑装饰技术类系列规划教材@Aquan guo gao zhi gao zhuan jian zhu zhuang shi ji shu lei xi lie gui hua jiao cai |
| 320 | @a有书目 | |
| 330 | @a本书内容包括:抹灰工程、吊顶工程、轻质隔墙工程、楼地面工程、饰面工程、门窗工程、幕墙工程、涂料饰面工程等。 | |
| 410 | 0 | @12001 @a全国高职高专建筑装饰技术类系列规划教材 |
| 606 | 0 | @a建筑装饰@Ajian zhu zhuang shi@x工程施工@x施工技术@j教材 |
| 690 | @aTU767@v4 | |
| 701 | 0 | @a李竹梅@Ali zhu mei@4主编 |
| 701 | 0 | @a赵占军@Azhao zhan jun@4主编 |
| 801 | 0 | @aCN@c20070509 |
| 905 | @a10447@dTU767@eL344 | |
| 建筑装饰施工技术/李竹梅, 赵占军主编.-北京:科学出版社,2006.09 |
| 286页:图;26cm.-(全国高职高专建筑装饰技术类系列规划教材) |
| ISBN 7-03-017872-6:CNY25.00 |
| 本书内容包括:抹灰工程、吊顶工程、轻质隔墙工程、楼地面工程、饰面工程、门窗工程、幕墙工程、涂料饰面工程等。 |
| ● |
| 相关链接 |
|
|
|
正题名:建筑装饰施工技术
索取号:TU767/L344
 
预约/预借
| 序号 | 登录号 | 条形码 | 馆藏地/架位号 | 状态 | 备注 |
| 1 | 238847 | 202388479 | 城院文库/ [索取号:TU767/L344] | 在馆 | |
| 2 | 238848 | 202388488 | 建筑库201/201建筑库 75排2列5层/ [索取号:TU767/L344] | 在馆 | |
| 3 | 238849 | 202388497 | 建筑库201/201建筑库 75排2列5层/ [索取号:TU767/L344] | 在馆 |